| 000 | 00813cam a2200277 a 4500 | ||
|---|---|---|---|
| 001 | 4751064 | ||
| 003 | LC | ||
| 005 | 20160315144458.0 | ||
| 008 | 850712s1986 nyu 000 1 eng | ||
| 010 | _a 85016022 | ||
| 020 | _a071162004953 | ||
| 040 |
_aDLC _cDLC _dDLC |
||
| 050 | 0 | 0 |
_aPS 3573 .A426 _b.W187 1986 |
| 082 | 0 | 0 |
_aFIC _bW15s 1986 |
| 100 | 1 |
_aWallace, Irving, _d1916-1990. _918052 |
|
| 245 | 1 | 4 |
_aThe seventh secret / _cIrving Wallace. |
| 250 | _a1st ed. | ||
| 260 |
_aNew York : _bDutton, _cc1986. |
||
| 300 |
_a370 p. : _c18 cm. |
||
| 600 | 1 | 0 |
_aHitler, Adolf, _d1889-1945 _xFiction. _918053 |
| 650 | 0 |
_aHeads of state _zGermany _xFiction. _918054 |
|
| 655 | 7 |
_aBiographical fiction. _2gsafd _912822 |
|
| 906 |
_a7 _bcbc _corignew _d1 _eocip _f19 _gy-gencatlg |
||
| 942 |
_2lcc _cBK |
||
| 999 |
_c10885 _d10885 |
||